000
00251nam a22001097a 4500
999
_c
252119
_d
252118
020
_a
9966445854
100
_a
KLB
245
_a
Kiswahili kwa kidato cha 2
250
_a
Toleo la nne
260
_a
Nairobi
_b
Kenya Literature Bureau
_c
2007
942
_c
BK